Statistics for Complete the Movie Title (2022)

Click here to take the quiz!

General Stats

  • This quiz has been taken 110 times
  • The average score is 15 of 25

Answer Stats

HintAnswer% Correct
Black _______: Wakanda ForeverPanther
96%
Fantastic ______: The Secrets of DumbledoreBeasts
92%
_______: The Rise of GruMinions
88%
The Matrix _____________Resurrections
87%
Thor: Love and _______Thunder
85%
Avatar: The Way of _____Water
85%
Doctor Strange in the Multiverse of _______Madness
80%
The ________ of InisherinBanshees
72%
The Bob’s _______ MovieBurgers
67%
Where the ________ SingCrawdads
65%
Licorice _____Pizza
65%
The Bad ____Guys
53%
The Lost ____City
52%
The Woman ____King
49%
Puss in Boots: The Last ____Wish
48%
The Unbearable Weight of Massive ______Talent
47%
_____ and AllBones
44%
The King’s ___Man
44%
Strange _____World
43%
Prey for the _____Devil
42%
American ________Underdog
36%
________ of SadnessTriangle
35%
A _______ for JordanJournal
33%
The Black _____Phone
28%
____ of Fury: The Legend of HankPaws
27%

Score Distribution

Percentile by Number Answered

Percent of People with Each Score

Your Score History

You have not taken this quiz